Capitals of the Largest U.S. States by Area - Statistics

General Stats
  • This quiz has been taken 3,191 times
  • The average score is 8 of 10
Answer Stats
State Capital % Correct
Texas Austin
99%
California Sacramento
98%
Alaska Juneau
94%
Arizona Phoenix
88%
Colorado Denver
85%
Montana Helena
80%
New Mexico Santa Fe
76%
Nevada Carson City
74%
Wyoming Cheyenne
72%
Oregon Salem
67%
No matching quizzes found
Score Distribution
Percent of People with Each Score
Percentile by Number Answered
Your Score History
You have not taken this quiz